书目信息 |
| 题名: |
解密上甘岭
|
|
| 作者: | 张嵩山 著 | |
| 分册: | ||
| 出版信息: | 北京 北京出版社 2010.01 |
|
| 页数: | 316页 | |
| 开本: | 24cm | |
| 丛书名: | ||
| 单 册: | ||
| 中图分类: | E297.5 | |
| 科图分类: | ||
| 主题词: | 上甘岭战役(1952)--史料 , 上甘岭战役(1952) | |
| 电子资源: | ||
| ISBN: | 978-7-200-08113-8 | |
| 000 | 01002nam0 2200253 450 | |
| 001 | 010080003079 | |
| 005 | 20130627100419.92 | |
| 010 | @a978-7-200-08113-8@dCNY35.00 | |
| 100 | @a20100309d2010 em y0chiy0110 ea | |
| 101 | 0 | @achi |
| 102 | @aCN@b110000 | |
| 105 | @abf z 000yy | |
| 106 | @ar | |
| 200 | 1 | @a解密上甘岭@9jie mi shang gan ling@dDecipher Shangganling@f张嵩山著@zeng |
| 210 | @a北京@c北京出版社@d2010.01 | |
| 215 | @a316页@c地图,照片@d24cm | |
| 330 | @a这是一部以最新解密资料重写60年前那场震撼世界的上甘岭之战的力作,这是一束遥祭数十万长眠异国的英灵,真诚献经那整整一代人的心香。本书以更为准确翔实的描述,纠正了以往军史上某些相关记载以及同类纪实作品的不实之处,更为生动感人地讲述了那场亲历者生死难忘而不少今人却鲜闻其详的著名战事。 | |
| 510 | 1 | @aDecipher Shangganling@zeng |
| 606 | 0 | @a上甘岭战役(1952)@x史料 |
| 606 | 0 | @a上甘岭战役(1952) |
| 690 | @aE297.5@v4 | |
| 701 | 0 | @a张嵩山@9zhang song shan@4著 |
| 801 | 0 | @aCN@bRENTIAN@c20100309 |
| 905 | @b546555-59@dE297.5@e74@f5 | |
| 解密上甘岭=Decipher Shangganling/张嵩山著.-北京:北京出版社,2010.01 |
| 316页:地图,照片;24cm |
| ISBN 978-7-200-08113-8:CNY35.00 |
| 这是一部以最新解密资料重写60年前那场震撼世界的上甘岭之战的力作,这是一束遥祭数十万长眠异国的英灵,真诚献经那整整一代人的心香。本书以更为准确翔实的描述,纠正了以往军史上某些相关记载以及同类纪实作品的不实之处,更为生动感人地讲述了那场亲历者生死难忘而不少今人却鲜闻其详的著名战事。 |
| ● |
| 相关链接 |
|
|
|
|
正题名:解密上甘岭
索取号:E297.5/74
 
预约/预借
| 序号 | 登录号 | 条形码 | 馆藏地/架位号 | 状态 | 备注 |
| 1 | 546555 | 205465557 | 第一样本阅览室/ [索取号:E297.5/74] | 在馆 | |
| 2 | 546556 | 205465566 | 第一借阅区/ [索取号:E297.5/74] | 在馆 | |
| 3 | 546557 | 205465575 | 第一借阅区/ [索取号:E297.5/74] | 在馆 | |
| 4 | 546558 | 205465584 | 第一借阅区/ [索取号:E297.5/74] | 在馆 | |
| 5 | 546559 | 205465593 | 第一借阅区/ [索取号:E297.5/74] | 在馆 |